Sports Quiz

Random Sports or WWE Quiz
Score 0/114 Timer 06:00
7 Plays Today
# Participant % Correct
WrestleMania IIHulk Hogan
96.6%
WrestleMania IIIHulk Hogan
96.6%
WrestleMania VHulk Hogan
96.6%
WrestleMania VIHulk Hogan
96.6%
WrestleMania VIIHulk Hogan
96.6%
WrestleMania IXHulk Hogan
96.6%
WrestleMania 21John Cena
94.6%
WrestleMania 22John Cena
94.6%
WrestleMania 23John Cena
94.6%
WrestleMania XXIVJohn Cena
94.6%
WrestleMania XXVJohn Cena
94.6%
WrestleMania 29John Cena
94.5%
WrestleMania XXVIIJohn Cena
94.5%
WrestleMania 2000Triple H
93.8%
WrestleMania X-8Triple H
93.8%
WrestleMania XIXTriple H
93.8%
WrestleMania XXTriple H
93.8%
WrestleMania 21Triple H
93.8%
WrestleMania 22Triple H
93.8%
WrestleMania XXIVTriple H
93.8%
WrestleMania XXVTriple H
93.8%
WrestleMania 32Triple H
93.8%
WrestleMania 34Brock Lesnar
93.7%
WrestleMania 35Brock Lesnar
93.7%
WrestleMania 36Brock Lesnar
93.7%
WrestleMania 13Undertaker
93.6%
WrestleMania 23Undertaker
93.6%
WrestleMania XXIVUndertaker
93.6%
WrestleMania XXVIJohn Cena
93.4%
WrestleMania XVThe Rock
93.3%
WrestleMania 2000The Rock
93.3%
WrestleMania X-7The Rock
93.3%
WrestleMania 29The Rock
92.9%
WrestleMania 34Roman Reigns
91.8%
WrestleMania 35Seth Rollins
90.8%
WrestleMania XIShawn Michaels
90.7%
WrestleMania XIIShawn Michaels
90.7%
WrestleMania XIVShawn Michaels
90.7%
# Participant % Correct
WrestleMania XXShawn Michaels
90.3%
WrestleMania 23Shawn Michaels
90.3%
WrestleMania 33Randy Orton
89.8%
WrestleMania 33Brock Lesnar
89.4%
WrestleMania XIVSteve Austin
89.2%
WrestleMania X-7Steve Austin
89.2%
WrestleMania XVSteve Austin
89.2%
WrestleMania XXXRandy Orton
88%
WrestleMania 36Big Show
88%
WrestleMania 22Randy Orton
88%
WrestleMania XXIVRandy Orton
88%
WrestleMania XXVRandy Orton
88%
WrestleMania 35Daniel Bryan
88%
WrestleMania 32Roman Reigns
87.6%
WrestleMania 31Brock Lesnar
87.3%
WrestleMania XIXBrock Lesnar
86.2%
WrestleMania IXBret Hart
84.8%
WrestleMania XBret Hart
84.8%
WrestleMania XIIBret Hart
84.8%
WrestleMania 31Roman Reigns
84.4%
WrestleMania 21Batista
83.4%
WrestleMania 23Batista
83.4%
WrestleMania 36Drew McIntyre
83.3%
WrestleMania XXXBatista
83.3%
WrestleMania 36Drew McIntyre
83.3%
WrestleMania IVRandy Savage
83.3%
WrestleMania VRandy Savage
83.3%
WrestleMania VIIIRandy Savage
83.3%
WrestleMania XXVIIIDaniel Bryan
82.5%
WrestleMania XXVIBatista
82.3%
WrestleMania XXIVEdge
82.1%
WrestleMania XXVEdge
82.1%
WrestleMania 31Seth Rollins
82%
WrestleMania 2000The Big Show
81.9%
WrestleMania XXVThe Big Show
81.9%
WrestleMania XXVIIEdge
81.7%
WrestleMania IIIAndre the Giant
81.4%
WrestleMania 36Goldberg
81.3%
# Participant % Correct
WrestleMania XXVIEdge
80.9%
WrestleMania XXXDaniel Bryan
80.3%
WrestleMania VIThe Ultimate Warrior
79%
WrestleMania X-8Chris Jericho
78.7%
WrestleMania XIXKurt Angle
78.1%
WrestleMania XXKurt Angle
78.1%
WrestleMania 22Kurt Angle
78.1%
WrestleMania XXVIIIChris Jericho
78%
WrestleMania XXVIChris Jericho
77.6%
WrestleMania 35Kofi Kingston
76.6%
WrestleMania 36Braun Strowman
76%
WrestleMania 33Goldberg
75.9%
WrestleMania XXChris Benoit
75%
WrestleMania 33Bray Wyatt
74.6%
WrestleMania 34AJ Styles
74.4%
WrestleMania XXVIIICM Punk
74.3%
WrestleMania VIIIRic Flair
74.1%
WrestleMania IXYokozuna
73.7%
WrestleMania IXYokozuna
73.7%
WrestleMania XYokozuna
73.7%
WrestleMania XYokozuna
73.7%
WrestleMania XXVIIISheamus
72.7%
WrestleMania 2000Mick Foley
71%
WrestleMania XXVIIThe Miz
70.8%
WrestleMania 29Alberto Del Rio
69.4%
WrestleMania 22Rey Mysterio
69.2%
WrestleMania XIDiesel
68.2%
WrestleMania XXEddie Guerrero
67.4%
WrestleMania 34Shinsuke Nakamura
65.6%
WrestleMania XXVIIAlberto Del Rio
64.3%
WrestleMania 21John 'Bradshaw' Layfield
64.1%
WrestleMania 13Sycho Sid
62.3%
WrestleMania IVTed DiBiase
61%
WrestleMania IIKing Kong Bundy
61%
WrestleMania VIISgt. Slaughter
59.3%
WrestleMania XIXBooker T
57.1%
WrestleMania XLex Luger
55.6%
WrestleMania 29Jack Swagger
53.7%
Remove Ads.
Support Sporcle.
Get the best of Sporcle when you Go Orange. This ad-free experience offers more features, more stats, and more fun while also helping to support Sporcle. Thank you for becoming a member.

You're not logged in!

Compare scores with friends on all Sporcle quizzes.
OR
Log In

Show Comments

Extras

Top Quizzes Today


Score Distribution

Your Account Isn't Verified!

In order to create a playlist on Sporcle, you need to verify the email address you used during registration. Go to your Sporcle Settings to finish the process.

Report this User

Report this user for behavior that violates our Community Guidelines.

Details: